| 000 -ლიდერი |
| ფიქსირებული სიგრძის საკონტროლო ველი |
01425nam a22002057a 4500 |
| 003 - საკონტროლო ნომრის იდენტიფიკატორი |
| საკონტროლო ველი |
Ge_BSU |
| 005 - ბოლო ოპერაციის თარიღი და დრო |
| საკონტროლო ველი |
20230713113325.0 |
| 008 - ფიქსირებული სიგრძის მონაცემთა ელემენტები - ზოგადი ინფორმაცია |
| ფიქსირებული სიგრძის საკონტროლო ველი |
230713s2014ge xxu||||| |||| 00| 0 geo d |
| 041 ## - ენის კოდი |
| Language code of text/sound track or separate title |
geo |
| 080 ## - უნივერსალური ათობითი კლასიფიკაციის ინდექსი |
| Universal Decimal Classification number |
929:75''19'' თ-84 |
| 100 ## - მთავარი ჩანაწერი - პიროვნების სახელი |
| Personal name |
თუმანიშვილი, დიმიტრი. (ავტორი). |
| 9 (RLIN) |
19297 |
| 245 ## - ცნობა სათაურის შესახებ |
| Title |
ვახტანგ ბერიძე 100 / |
| Statement of responsibility, etc |
დიმიტრი თუმანიშვილი, მარიამ დიდებულიძე; |
| 264 ## - წარმოების, გამოცემის, დისტრიბუციის და სხვა ცნობები |
| გამოცემის, წარმოების, დისტრიბუციის... ადგილი |
თბილისი : |
| გამოცემის, წარმოების, დისტრიბუციის... სახელწოდება |
საქართველოს მეცნიერებათა ეროვნული აკადემია |
| გამოცემის, წარმოების, დისტრიბუციის... თარიღი |
2014. |
| 300 ## - ფიზიკური აღწერა |
| Extent |
56 გვ.: |
| Other physical details |
18 სმ. |
| 653 ## - INDEX TERM--UNCONTROLLED |
| Uncontrolled term |
ბერიძე, ვახტანგ |
| 653 ## - INDEX TERM--UNCONTROLLED |
| Uncontrolled term |
ქართველი არქიტექტორები. აკადემიკოსი ვახტანგ ბერიძე. |
| 700 ## - ADDED ENTRY--PERSONAL NAME |
| Personal name |
დიდებულიძე, მარიამ |
| Relator term |
ავტორი. |
| 9 (RLIN) |
19298 |
| 710 ## - ADDED ENTRY--CORPORATE NAME |
| Corporate name or jurisdiction name as entry element |
საქართველოს მეცნიერებათა ეროვნული აკადემია, გ.ჩუბინაშვილის სახ. ქართული ხელოვნების ისტორიისა და ძეგლთა დაცვის ეროვნული კვლევის ცენტრი. |
| 9 (RLIN) |
19299 |
| 942 ## - ADDED ENTRY ELEMENTS (KOHA) |
| Source of classification or shelving scheme |
|
| Koha item type |
წიგნი |